Avaluació de procés i impacte : Pla Agrupat 2005 : resum executiu / Pla Agrupat 2005 : resum executiu /
Descripción Física:
54 pàgines ; 30 cm
Otros Autores:
Gairín Sallán, Joaquín
Materias:
Formació -- Avaluació -- Catalunya
Idioma:
Catalán
MARC
| LEADER | 00000nam a2200000uc 4500 | ||
|---|---|---|---|
| 001 | 27015061 | ||
| 008 | s2006||||sp ||||gr|||| ||| ||cat|d | ||
| 040 | |a BGR |b cat | ||
| 245 | 0 | 0 | |a Avaluació de procés i impacte : |b Pla Agrupat 2005 : resum executiu / |c elaborat per: Joaquín Gairín Sallán [i 5 més] |
| 260 | |a Barcelona : |b Diputació. Àrea de Govern Local. Servei de Formació Local, |c 2006 | ||
| 300 | |a 54 pàgines ; |c 30 cm | ||
| 650 | 1 | 0 | |a Formació |x Avaluació |z Catalunya |9 9594 |
| 700 | |a Gairín Sallán, Joaquín |e director |9 43714 | ||
| 710 | |a Barcelona (Catalunya : Província). |b Servei de Formació Local |9 53659 | ||
| 942 | |c ARXIU |2 udc |n 1 | ||
| 952 | |0 0 |1 0 |4 0 |6 BIB731 |7 1 |9 62576 |a Arxiu |b Arxiu |d 2022-06-29 |l 0 |o Bib-731 |p 26092 |r 2022-06-29 00:00:00 |w 2022-06-29 |y ARXIU | ||
| 999 | |c 20548 |d 20548 | ||